00735nam a2200193Ia 4500003000900000008004100009020001800050040001600068080001600084100002200100245015500122260003900277300001500316650002700331650002800358942000700386999001700393952013100410IN-BaIIA211028s9999 xx 000 0 eng d a0-684-83718-8 cIIA Library a5(091)bTER aTeresi, D.928614 0aLost discoveriesbthe ancient roots of modern science-- from the Babylonians to the MayacD. Teresi  aNew YorkbSimon and Schusterc2002 avii, 453p. aScience- History92970 aScience, Ancient928615 cBK c15499d15499 00104070aBANbBANcGENd2003-11-06eEDS g765.64l0o5(091)/ TERp16421r2021-11-05v765.64w2003-11-06yBKGRs. 765.64